000 00497nam a2200181Ia 4500
001 17977
005 20260306171556.0
008 260306s9999||||xx |||||||||||||| ||und||
041 _aESP
082 _a658.3
_bS56
100 _aSimón, Cristina
_eAUT
245 0 _aMedición del capital humano:
_bcómo crear impacto en el negocio desde la práctica de benchmarking
260 _c2011
300 _axv, 251 páginas :
_c24 cm.
650 _aGEN
654 _aCAN
942 _cLIB
_dJUS
_fJUS
_2ddc
_n
999 _c17977
_d17977